[Event "Catalunya-ch U50"]
[Site "Santa Susanna"]
[Date "2022.05.22"]
[Round "8"]
[White "Ayllon Rodriguez, Joan Pedro"]
[Black "Palacin Martin, Ricardo"]
[Result "1/2-1/2"]
[WhiteElo "2067"]
[BlackElo "1971"]
[PlyCount "109"]
[EventDate "2022.05.15"]
[EventType "swiss"]
[EventRounds "8"]
[EventCountry "CAT"]
[SourceTitle "EXT 2023"]
[Source "ChessBase"]
[SourceDate "2022.10.05"]
[SourceVersion "1"]
[SourceVersionDate "2022.10.05"]
[SourceQuality "1"]

1. d4 d5 2. c4 e6 3. Nc3 Be7 4. Nf3 Nf6 5. e3 0-0 6. Be2 b6 7. cxd5 exd5 8. 0-0 Bb7 9. Bd3 Nbd7 10. Re1 Ne4 11. Qb3 Nxc3 12. bxc3 c5 13. Qd1 c4 14. Bc2 f5 15. Nd2 Bd6 16. f4 Rf6 17. Nf3 Qe7 18. Ne5 Raf8 19. Qf3 Rh6 20. Re2 Qe6 21. h3 Nf6 22. Rf2 Bc8 23. Qe2 Ne4 24. Bxe4 fxe4 25. Bd2 Be7 26. Rff1 Bd7 27. Qg4 Qxg4 28. hxg4 Ba4 29. g5 Rd6 30. Rab1 Rdd8 31. Kf2 Bxg5 32. Kg3 Bf6 33. Ng4 Bc2 34. Rbc1 Bd3 35. Rh1 Be2 36. Nh2 h5 37. Kf2 Bd3 38. g4 hxg4 39. Nxg4 Kf7 40. Rh5 Rh8 41. Rch1 Rxh5 42. Rxh5 Kg6 43. Rh2 Bc2 44. Rh1 Ba4 45. Kg3 Bd7 46. Nf2 Bf5 47. Bc1 Be7 48. Ng4 Bxg4 49. Kxg4 Kf6 50. Bd2 g6 51. Rh2 Rg8 52. Be1 Ke6 53. Bh4 Bxh4 54. Rxh4 Kf6 55. Rh7 1/2-1/2

[Event "Catalunya-ch Seniors"]
[Site "Santa Susanna"]
[Date "2019.05.26"]
[Round "9"]
[White "Miquel Jaureguibeitia, Xavier"]
[Black "Ayllon Rodriguez, Joan Pedro"]
[Result "1/2-1/2"]
[WhiteElo "2061"]
[BlackElo "2087"]
[PlyCount "96"]
[EventDate "2019.05.18"]
[EventType "swiss"]
[EventRounds "9"]
[EventCountry "ESP"]
[SourceTitle "CBM 190 Extra"]
[Source "ChessBase"]
[SourceDate "2019.07.15"]
[SourceVersion "1"]
[SourceVersionDate "2019.07.15"]
[SourceQuality "1"]

1. b4 Nf6 2. Bb2 e6 3. b5 d5 4. e3 a6 5. a4 Bd6 6. Nf3 0-0 7. c4 Qe7 8. Be2 dxc4 9. Bxc4 axb5 10. axb5 Rxa1 11. Bxa1 Nbd7 12. 0-0 e5 13. d4 e4 14. Nfd2 Nb6 15. Be2 Bd7 16. Nc3 Re8 17. Bb2 Qe6 18. Qb3 Qf5 19. Ba3 Qg5 20. Bxd6 cxd6 21. Rc1 h5 22. Qa3 Nc8 23. Qa8 d5 24. Qxb7 h4 25. Na4 Nd6 26. Qa6 Nf5 27. Nf1 Nxd4 28. b6 Nxe2+ 29. Qxe2 Bxa4 30. Qa6 Bd7 31. b7 Qe5 32. Rc8 Bxc8 33. bxc8Q Rxc8 34. Qxc8+ Kh7 35. h3 g6 36. Qf8 Qe8 37. Qd6 Kg7 38. Qf4 Qh8 39. Nd2 Qh6 40. Qe5 Qh5 41. Qa1 Qf5 42. Nb3 Kh7 43. Qa7 Qd7 44. Qa8 Ng8 45. Nd4 Ne7 46. Qa1 Nf5 47. Ne2 g5 48. Qa8 Ne7 1/2-1/2

[Event "Catalunya-ch Seniors"]
[Site "Santa Susanna"]
[Date "2019.05.22"]
[Round "5"]
[White "Ayllon Rodriguez, Joan Pedro"]
[Black "Bautista Sanchez, Joan"]
[Result "1/2-1/2"]
[WhiteElo "2087"]
[BlackElo "2074"]
[PlyCount "60"]
[EventDate "2019.05.18"]
[EventType "swiss"]
[EventRounds "9"]
[EventCountry "ESP"]
[SourceTitle "CBM 190 Extra"]
[Source "ChessBase"]
[SourceDate "2019.07.15"]
[SourceVersion "1"]
[SourceVersionDate "2019.07.15"]
[SourceQuality "1"]

1. e4 c6 2. d4 d5 3. e5 Nh6 4. Nf3 Bg4 5. Be2 e6 6. c3 Nf5 7. Nbd2 Nd7 8. h3 Bxf3 9. Nxf3 a6 10. 0-0 c5 11. b3 cxd4 12. cxd4 Bb4 13. Bb2 0-0 14. Rc1 Rc8 15. Rxc8 Qxc8 16. Qb1 Qb8 17. Bd3 g6 18. a3 Be7 19. Rc1 Rc8 20. Rxc8+ Qxc8 21. Qc2 Qxc2 22. Bxc2 f6 23. exf6 Bxf6 24. Kf1 Kf7 25. Ke2 Ke7 26. a4 Nh4 27. Nxh4 Bxh4 28. g3 Bf6 29. f4 Nb8 30. Kf3 Kf7 1/2-1/2

[Event "Barcelona Seniors 55 op 6th"]
[Site "Barcelona"]
[Date "2019.03.04"]
[Round "1.1"]
[White "Sanchez Esteban, Emilio"]
[Black "Ayllon Rodriguez, Joan Pedro"]
[Result "0-1"]
[WhiteElo "1693"]
[BlackElo "2119"]
[PlyCount "122"]
[EventDate "2019.03.04"]
[EventType "swiss"]
[EventRounds "9"]
[EventCountry "ESP"]
[SourceTitle "EXT 2024"]
[Source "ChessBase"]
[SourceDate "2023.10.10"]
[SourceVersion "1"]
[SourceVersionDate "2023.10.10"]
[SourceQuality "1"]

1. d4 Nf6 2. c4 e6 3. Nc3 Bb4 4. a3 Bxc3+ 5. bxc3 0-0 6. e3 d5 7. Bd3 b6 8. Nf3 Bb7 9. cxd5 exd5 10. 0-0 Nbd7 11. a4 a5 12. Bb2 Re8 13. Rc1 c5 14. c4 Rc8 15. Re1 dxc4 16. Bxc4 Bd5 17. Qb3 Bxc4 18. Rxc4 Rb8 19. Rd1 Qe7 20. d5 Ne4 21. Qd3 f5 22. d6 Qe6 23. Qd5 Qxd5 24. Rxd5 b5 25. axb5 Nb6 26. Rcxc5 Nxc5 27. Rxc5 Na4 28. Rc2 Nxb2 29. Rxb2 Red8 30. Nd4 Rxd6 31. Kf1 g6 32. Ke2 Kf7 33. Kd2 f4 34. g3 fxe3+ 35. fxe3 a4 36. Kc3 Re8 37. Kd3 Kf6 38. Ra2 Ra8 39. Kc4 Ke5 40. Kc5 Rd5+ 41. Kb4 Ke4 42. Rxa4 Rxa4+ 43. Kxa4 Kxe3 44. Ne6 Rd2 45. h4 Rd4+ 46. Ka5 Rd2 47. Ka4 Rd7 48. Ka5 Kf3 49. b6 Kxg3 50. Nc7 Rd8 51. Ka6 Kxh4 52. Ka7 g5 53. b7 g4 54. Ne6 Rd7 55. Kb6 Rxb7+ 56. Kxb7 g3 57. Nd4 Kg4 58. Kc6 h5 59. Kd5 h4 60. Ke4 h3 61. Nc2 h2 0-1

[Event "Girona-ch"]
[Site "Banyoles"]
[Date "2018.11.04"]
[Round "5"]
[White "Faixedas Vidal, Jordi"]
[Black "Ayllon Rodriguez, Joan Pedro"]
[Result "0-1"]
[WhiteElo "1969"]
[BlackElo "2152"]
[PlyCount "88"]
[EventDate "2018.09.30"]
[EventType "swiss"]
[EventRounds "9"]
[EventCountry "ESP"]
[SourceTitle "CBM 187 Extra"]
[Source "ChessBase"]
[SourceDate "2018.11.04"]
[SourceVersion "1"]
[SourceVersionDate "2018.11.04"]
[SourceQuality "1"]

1. e4 e5 2. Nf3 Nc6 3. Bb5 a6 4. Ba4 Nf6 5. d3 b5 6. Bb3 Be7 7. c3 d6 8. h3 0-0 9. 0-0 Na5 10. Bc2 c5 11. Nbd2 Qc7 12. Re1 Nc6 13. Nf1 h6 14. Ng3 Rd8 15. Qe2 Be6 16. c4 Rdb8 17. b3 Bf8 18. Be3 bxc4 19. dxc4 a5 20. Nh4 Nd4 21. Qd2 Nxc2 22. Qxc2 a4 23. Ngf5 axb3 24. axb3 Rxa1 25. Rxa1 Kh7 26. Bd2 Qb7 27. Rb1 Bxf5 28. Nxf5 Qxe4 29. Qxe4 Nxe4 30. Ba5 Ra8 31. f3 Nf6 32. Bc3 g6 33. Ne3 h5 34. b4 cxb4 35. Rxb4 Ra3 36. Bd2 d5 37. Rb7 Kg7 38. cxd5 Rd3 39. Rb2 Bc5 40. Kf1 Bxe3 41. Bxe3 Rxe3 42. Rd2 Rc3 43. d6 Rc8 44. d7 Rd8 0-1

[Event "Catalunya-ch Seniors 34th"]
[Site "Lloret del Mar"]
[Date "2018.05.24"]
[Round "6"]
[White "Vallbona Domingo, Joan"]
[Black "Ayllon Rodriguez, Joan Pedro"]
[Result "1/2-1/2"]
[WhiteElo "2011"]
[BlackElo "2173"]
[PlyCount "110"]
[EventDate "2018.05.19"]
[EventType "swiss"]
[EventRounds "9"]
[EventCountry "ESP"]
[SourceTitle "CBM 184 Extra"]
[Source "ChessBase"]
[SourceDate "2018.06.28"]
[SourceVersion "1"]
[SourceVersionDate "2018.06.28"]
[SourceQuality "1"]

1. c4 e6 2. Nc3 c6 3. Nf3 d6 4. d4 Ne7 5. e4 b6 6. Be2 Ng6 7. Bg5 Be7 8. Qd2 Bxg5 9. Qxg5 Qxg5 10. Nxg5 h6 11. Nf3 a6 12. g3 Nd7 13. 0-0-0 Bb7 14. Rhe1 0-0-0 15. h4 Ne7 16. Bf1 Rdg8 17. d5 cxd5 18. exd5 e5 19. Bh3 Kc7 20. h5 g5 21. hxg6 Nxg6 22. Bxd7 Kxd7 23. Rh1 Rc8 24. Nd2 b5 25. b3 b4 26. Na4 Ke7 27. Kb1 Rc7 28. Rh5 Kf8 29. Ne4 Bc8 30. f3 Bd7 31. Nb6 Ke7 32. c5 Rxc5 33. Nxc5 dxc5 34. Nc4 Kf6 35. Ne3 a5 36. Rc1 Rc8 37. Rxh6 a4 38. bxa4 Bxa4 39. Rh2 Bb5 40. Nc4 Bxc4 41. Rxc4 Ke7 42. Rb2 Kd6 43. Rh2 Ke7 44. Rhc2 Kd6 45. Rxb4 Kxd5 46. Rd2+ Kc6 47. Rbb2 Nf8 48. Re2 f6 49. f4 Nd7 50. Rbd2 Rg8 51. Re3 Nb6 52. fxe5 Nc4 53. Rde2 Nxe3 54. Rxe3 fxe5 55. Rxe5 Rxg3 1/2-1/2

[Event "Sant Adria de Besos op 08th"]
[Site "Sant Adria de Besos"]
[Date "2012.06.10"]
[Round "9"]
[White "Ruiz Manchon, Francesco Xavier"]
[Black "Ayllon Rodriguez, Joan Pedro"]
[Result "1/2-1/2"]
[WhiteElo "2135"]
[BlackElo "2117"]
[PlyCount "36"]
[EventDate "2012.04.15"]
[EventType "swiss"]
[EventRounds "9"]
[EventCountry "ESP"]
[SourceTitle "CBM 148 Extra"]
[Source "ChessBase"]
[SourceDate "2012.06.22"]
[SourceVersion "1"]
[SourceVersionDate "2012.06.22"]
[SourceQuality "1"]

1. e4 c5 2. c3 e6 3. d3 d5 4. Nd2 Nc6 5. Ngf3 Nge7 6. g3 Ng6 7. Qe2 Be7 8. h4 d4 9. c4 h5 10. a3 e5 11. Nh2 Be6 12. Bg2 Nf8 13. Bf3 g6 14. Bg2 Qd7 15. Ndf3 f6 16. Bd2 Rb8 17. 0-0 b5 18. b3 a6 1/2-1/2

[Event "Sant Adria de Besos op 08th"]
[Site "Sant Adria de Besos"]
[Date "2012.06.03"]
[Round "8"]
[White "Ayllon Rodriguez, Joan Pedro"]
[Black "Capellades Subirana, Marc"]
[Result "1/2-1/2"]
[WhiteElo "2117"]
[BlackElo "2266"]
[PlyCount "44"]
[EventDate "2012.04.15"]
[EventType "swiss"]
[EventRounds "9"]
[EventCountry "ESP"]
[SourceTitle "CBM 148 Extra"]
[Source "ChessBase"]
[SourceDate "2012.06.22"]
[SourceVersion "1"]
[SourceVersionDate "2012.06.22"]
[SourceQuality "1"]

1. e4 e5 2. Nf3 Nc6 3. Bb5 Bc5 4. c3 Qf6 5. 0-0 Nge7 6. d3 h6 7. Be3 Bxe3 8. fxe3 0-0 9. d4 d6 10. Nbd2 Qg6 11. Qe1 Bd7 12. Nh4 Qh7 13. d5 Nb8 14. Bxd7 Nxd7 15. Nf5 Rae8 16. Qh4 Ng6 17. Qh3 Nb6 18. a4 a5 19. b4 Ra8 20. b5 Nc8 21. Rf3 f6 22. Raf1 Rf7 1/2-1/2

[Event "Sant Adria de Besos op 08th"]
[Site "Sant Adria de Besos"]
[Date "2012.04.29"]
[Round "3"]
[White "Rodriguez Regull, German"]
[Black "Ayllon Rodriguez, Joan Pedro"]
[Result "0-1"]
[WhiteElo "2025"]
[BlackElo "2117"]
[PlyCount "77"]
[EventDate "2012.04.15"]
[EventType "swiss"]
[EventRounds "9"]
[EventCountry "ESP"]
[SourceTitle "CBM 148 Extra"]
[Source "ChessBase"]
[SourceDate "2012.06.22"]
[SourceVersion "1"]
[SourceVersionDate "2012.06.22"]
[SourceQuality "1"]

1. e4 c5 2. Nf3 Nc6 3. d4 cxd4 4. Nxd4 e5 5. Nxc6 bxc6 6. Bc4 Nf6 7. 0-0 d6 8. Nc3 Be7 9. Qd3 h6 10. h3 0-0 11. f4 a5 12. Kh1 exf4 13. Bxf4 Ra7 14. Qe3 Rd7 15. Bxh6 gxh6 16. Qxh6 Nh7 17. Qg6+ Kh8 18. Bxf7 Bf6 19. Bc4 Rg7 20. Qh6 Re8 21. Rad1 Be5 22. Bf7 Rf8 23. Bc4 Rf6 24. Rxf6 Qxf6 25. Qh5 Qg6 26. Qxg6 Rxg6 27. Na4 Ng5 28. Bd3 Be6 29. c4 c5 30. a3 Bd7 31. Nb6 Bc6 32. b4 axb4 33. axb4 cxb4 34. Rb1 Nxe4 35. Bxe4 Bxe4 36. Rxb4 Bxg2+ 37. Kg1 Bd4+ 38. Kh2 Be4 39. h4 0-1